00549nam a2200157Ia 4500008004100000041001200041082001600053100001700069245006300086260003200149300000800181650000800189942000700197999001500204952017200219221030s9999 xx 000 0 und d aEnglish a105.23bDud aR. R. Dudeja 0aElectronics Fundamentals Analog & Digitalcby R. R. Dudeja bUmesh Pub.aNew Delhic2000 a741 aECE cBK c6632d6632 pBE 1954g195.00l0o105.23 Dudr2022-10-30 00:00:00w2022-10-30yBK003Print4070aMIETLIBbMIETLIBcBL-Academic Block C, FL-2, CUP-158, SH-5, R-5d2000-09-2210HBE